000 00396nam a22001697a 4500
003 MPLRDC
005 20220104125424.0
008 210129b ||||| |||| 00| 0 eng d
082 _a857.623 XYH-2
100 _a萧玉寒
245 _a凶格
_c
260 _a
_b天虹出版社
_c
300 _b
490 _a香港风水鬼故事
650 _a灵异小说
942 _cBK
_o857.623 XYH-2
999 _c27237
_d27227